000 00381nam a2200121Ia 4500
008 220615s9999||||xx |||||||||||||| ||und||
245 0 _aStrategic Management
_ba Dynamic View
546 _aEnglish[eng]
650 _aBusiness strategy
700 _aLawrence Emeagwali, Okechukwu
856 _uhttps://mts.intechopen.com/storage/books/7570/authors_book/authors_book.pdf
942 _cEB
999 _c13331
_d13331